000 00563cam a2200193 4500
001 D15348
008 090401t1975 xxu||||| |||| 00| 0 eng d
035 _a(Sirsi) u22072
041 _aeng
050 _a333.7
110 _aRoyal Institution of Chartered Surveyors
_94900
245 _aEnergy and development: annual conference, University of Edinburgh, 15-18 July, 1975.
260 _bRICS
_c1975
300 _a17 papers
350 _a0
520 _aFiled in Archives box 1975/20. Papers also catalogued separately.
942 _n0
948 _c04/03/1997
999 _c88120
_d88120